000 00905nam a2200277 a 4500
005 20150925154047.0
008 140220b1995 ck ||||| |||| 00| 0 spa d
020 _a958150065
040 _aCO-BoIAVH
_cCO-BoIAVH
041 _aspa
044 _ack
082 _a580.7
_bG64f
100 _aGonzález Garavito, Favio Antonio
_97285
245 _aFlora ilustrada de San Andrés y Providencia
246 _aillustrated flora of San Andres and Providencia
_bwith special reference to useful plants
260 _aBogotá
_bSENA
_bICN
_c1995
300 _a280 p.
650 _aFlora
_939825
650 _aInventarios floristicos
_97117
650 _aPlantas útiles
_939826
650 _aGuía de campo
_939827
662 _aColombia
_cArchipiélago de San Andrés, Providencia y Santa Catalina (Caribe)
700 _aDíaz, John Nelson
_97288
700 _aCeron, Petter Lowy
_97289
942 _cLIBRO
_02
_2z
999 _c311
_d311